Peninsula Quiz #1 - Statistics

General Stats
  • This quiz has been taken 65 times
  • The average score is 12 of 15
Answer Stats
Name the peninsular: Peninsula Name % Correct
that contains Spain and Portugal Iberian
98%
that is also the southern most state in the mainland of the USA Florida
95%
Controlled by Japanese empire between 22 August 1910 until 15 August 1945 Korean
87%
that contained the former nation of Yugoslavia Balkan
84%
home to the pope and mount Vesuvius Italian
82%
in France associated with the Breton culture Brittany
80%
that contains the city of Sevastopol and where a war was fought between the ottomans and Russians Crimean
78%
that shares its name with a dog breed and also contains some of Quebec Labrador
78%
containing the city of Kuala Lumpur Malay
78%
where the 2022 FIFA world cup was held Qatar
76%
containing most of Ethiopia and Somalia Horn of Africa
75%
that contains Lapland Scandinavian
73%
that contains most of Türkiye Anatolia
69%
that the mekong river runs through and contains Vietnam Indochina
69%
which gives the name to the largest naval battle of WWI Jutland
53%
No matching quizzes found
Score Distribution
Percent of People with Each Score
Percentile by Number Answered
Your Score History
You have not taken this quiz